| 000 | 00793na a2200229 4500 | ||
|---|---|---|---|
| 001 | 19289 | ||
| 003 | MIRAKIL | ||
| 005 | 20181213155101.0 | ||
| 008 | 161213b tu 000 0 | ||
| 040 |
_aMilas _btur _cTR-AnCHP |
||
| 041 | _atur | ||
| 082 |
_a363.7 _bK55 1994 |
||
| 090 | _a363.7 K55 1994 | ||
| 245 |
_aKim sorumlu? _bResmi belge ve kanıtlarıyla Hekimbaşı çöplük faciası _cÜmraniye Belediyesi |
||
| 246 | _aResmi belge ve kanıtlarıyla Hekimbaşı çöplük faciası | ||
| 260 |
_aİstanbul _bÜmraniye Belediyesi _c1994 |
||
| 300 |
_a64 s. _bres. _c19 sm. |
||
| 650 |
_aToplumsal sorunlar _xÇevresel sorunlar ve hizmetler _zÜmraniye |
||
| 710 | _aÜmraniye Belediyesi | ||
| 740 | _aResmi belge ve kanıtlarıyla Hekimbaşı çöplük faciası | ||
| 942 |
_2ddc _cBKS |
||
| 999 |
_c6235 _d6235 |
||